| 000 | 00980nas a2200325 4500 | ||
|---|---|---|---|
| 001 | BR0404744 | ||
| 003 | BR-BrBNA | ||
| 005 | 20231205104859.0 | ||
| 007 | ta | ||
| 008 | 230509b bl.|||p| |||| 00| 00por d | ||
| 040 |
_aBR-BrBNA _bpor _cBiblioteca Nacional de Agricultura |
||
| 041 | _a(Pt) | ||
| 072 | _aE70 | ||
| 100 | 1 | _aVilela, N.J. | |
| 100 | 1 | _aLana, M.M. | |
| 100 | 1 | _aNascimento, E.F. do | |
| 100 | 1 | _aMakishima, N. | |
| 245 | 1 | _aPerdas na comercialização de hortaliças em uma rede varejista do Distrito Federal | |
| 650 | _aHORTALIÇA | ||
| 650 | _aCOMERCIALIZAÇÃO | ||
| 650 | _aMERCADO VAREJISTA | ||
| 650 | _aMODELO MATEMÁTICO | ||
| 650 | _aCUSTO | ||
| 650 | _aPERDA PÓS-COLHEITA | ||
| 650 | _aPERDA DA PRODUÇÃO | ||
| 650 | _aDISTRITO FEDERAL | ||
| 773 | 0 |
_tCadernos de Ciência e Tecnologia (Brazil) _xISSN 0104-1096 _g(Sep-Dec 2003), v. 20(3) p. 521-541 _wBR0404744 |
|
| 909 |
_a202311 _bLúcia _c55 _dLúcia Elande |
||
| 942 |
_2AGRIS _n0 _cANA |
||
| 999 |
_c180103 _d180103 |
||